| 000 | 00358nam a2200145Ia 4500 | ||
|---|---|---|---|
| 008 | 230312s9999||||xx |||||||||||||| ||und|| | ||
| 082 |
_a572 _bKAL-P |
||
| 100 | _aKale, S. R. | ||
| 245 | 0 | _aPractical Biochemistry & Clinical Pathology | |
| 260 |
_bNirali Prakashan _aIndia |
||
| 300 | _a88 | ||
| 546 | _aEng. | ||
| 650 |
_aMedical _vBiochemistry |
||
| 942 | _cBK | ||
| 999 |
_c5952 _d5952 |
||